000 00699nam a22002057a 4500
999 _c3691
_d3691
003 AR-CdUCM
008 190307b ||||| |||| 00| 0 spa d
040 _aMUNICIPALIDAD PROVINCIAL DEL CUSCO
_cBIBLIOTECA MUNICIPAL DEL CUSCO
082 _a869.56 /
_bC19
100 _aCalderón Fajardo, Carlos
_99807
245 _aEl hombre que mira el mar /
260 _aLima :
_bMosca Azul Editores,
_c1988.
300 _a129 paginas ;
_c20 cm.
500 _aCuentos
505 _aHombre de dos orillas -- La multiplicación de las tórtolas -- El encuentro -- Las tres prendas -- El abuelo argentino ...
650 _aCuentos peruanos
_97
650 _aSiglo XX.
_98
942 _2ddc
_cLIBROS
945 _aacv